[Event "Dortmund SuperGM 33rd"]
[Site "Dortmund"]
[Date "2005.07.14"]
[Round "6"]
[White "Van Wely, Loek"]
[Black "Sutovsky, Emil"]
[Result "1-0"]
[WhiteElo "2655"]
[BlackElo "2674"]
[Annotator "Krasenkow,M"]
[PlyCount "141"]
[EventDate "2005.07.07"]
[EventType "tourn"]
[EventRounds "9"]
[EventCountry "GER"]
[EventCategory "19"]
[SourceTitle "CBM 108"]
[Source "ChessBase"]
[SourceDate "2005.09.26"]
[SourceVersion "1"]
[SourceVersionDate "2005.09.26"]
[SourceQuality "1"]

1. d4 Nf6 2. c4 g6 3. Nc3 d5 4. cxd5 Nxd5 5. e4 Nxc3 6. bxc3 Bg7 7. Bc4 c5 8.
Ne2 Nc6 9. Be3 O-O 10. O-O Bg4 11. f3 Na5 12. Bd3 cxd4 13. cxd4 Be6 14. d5 Bxa1
15. Qxa1 f6 16. Qd4 {[%mdl 4] This move is quite rare as it creates a queen
exchange motif for Black (...Qb6). However, the present game shows that it is
not harmless at all!} Bf7 {After this White can recapture the exchange, which,
however, leads to equality.} (16... Bd7 {is more popular.}) 17. Bh6 e5 (17...
Qd6 $6 18. Bxf8 Kxf8 19. Rc1 b6 20. Ba6 Rd8 21. Qc3 e6 22. Qxf6 exd5 23. Qh8+
Ke7 24. Qxh7 d4 25. Qh4+ Kf8 26. e5 Qe7 27. Qh8+ Bg8 28. Nf4 Qf7 29. Rc7 {
1-0 Ferreira,A-Morais,M/Portugal 1993/EXT 97}) 18. Qf2 {White refuses to
restore the material balance.} (18. Qb4 $6 Re8 19. Be3 b6 20. Ba6 Qe7 21. Bd2
Nb7 $15 {1-0 Rebizzo,C-Benko,F/Buenos Aires 1951/MCD (36)}) (18. dxe6 {leads
to an almost forced draw:} Bxe6 19. Bxf8 Kxf8 20. Qb4+ Kg8 21. Nd4 Nc6 22. Nxe6
Nxb4 23. Nxd8 Nxd3 24. Nxb7 Rb8 25. Rd1 Rxb7 26. Rxd3 Rb1+ 27. Kf2 Rb2+ 28. Kg3
Rxa2 $11 {1/2-1/2 Battaglini,G-Vitoux,C/Le Grand Bornand 2003/EXT 2004 (67)})
18... Re8 19. Bb5 Re7 20. f4 $1 {White allows the queen exchange, which,
however, doesn't solve Black's problems.} (20. Be3 {is another option seen in
practice:} Rc8 {Activation is more important than the a7 pawn!} (20... b6 21.
f4 Be8 22. Bd3 Rf7 23. Qg3 Qe7 24. h4 Rc8 25. h5 Rg7 26. fxe5 fxe5 27. Bg5 Qc5+
28. Kh2 Bd7 29. Bf6 Qf8 30. Bxg7 Qxg7 31. hxg6 hxg6 32. Qg5 Rf8 33. Rxf8+ Kxf8
34. Ng1 $16 {1/2-1/2 Andre,G-Peters,A/Germany 1999/EXT 2002 (59)}) 21. Bxa7 Nc4
22. Bxc4 (22. Bc5 Rec7 23. Bb4 Be8 24. Nc3 Nd6 25. Bxe8 Qxe8 26. Qb6 Nf7 27.
Qe3 Kg7 28. Rd1 Nd6 29. Rd3 Qd7 $17 {0-1 Gligoric,S-Portisch,L/Nice 1974/EXT
2000 (55)}) 22... Rxc4 23. Bc5 (23. Bb6 Qa8 24. Ng3 Qa6 25. Qb2 Re8 26. h3 Ra8
27. Bf2 b5 {0-1 Suarez,R-Acosta,D/IECG 2003/Telechess CBM 105}) 23... Rd7 24.
a3 Qc8 25. Bb4 Rc2 26. Qe3 Rdc7 {1/2-1/2 Gralka,J-Schmidt,W/Krakow 1978/EXT
2003}) (20. Ng3 $6 {is not good in view of} Qb6 21. Qxb6 axb6 22. f4 Be8 23.
Be2 Bd7 $17 {0-1 Zude,E-Novotny,M/Pardubice CZE 2005/The Week in Chess 560 (59)
}) 20... Rc8 (20... Qb6 {is a logical reply but White keeps initiative after}
21. Qxb6 axb6 22. fxe5 $1 (22. d6 $2 Re6 23. Rd1 Rd8 24. d7 Nc6 25. f5 Re7 26.
Rd6 Rexd7 27. Rxf6 Rd6 $19 {0-1 Ferreira,A-Luyks,M/Portugal 1992/EXT 99 (37)})
22... Rxe5 (22... fxe5 23. Nc1 $16 {[%csl Re5][%cal Yc1d3]}) 23. Ng3 f5 24. Bf4
Rxe4 $8 25. Nxe4 fxe4 26. Rd1 $14) 21. fxe5 Rxe5 22. Ng3 Nc4 23. Qxf6 Qxf6 24.
Rxf6 $16 {White's pair of bishops and strong central pawns more than
compensate Black's minor material advantage.} a6 25. Ba4 b5 26. Bd1 a5 27. Bg4
Rd8 28. Rc6 Ree8 29. Rc7 Ne5 30. Be2 Rc8 31. Rb7 {even stronger than} (31. Rxc8
Rxc8 32. Bxb5) 31... b4 32. Bf4 {[%cal Cg6g5,Cg5f4,Re2b5]} g5 33. Bxg5 Rb8 $2 {
A blunder in a difficult position.} 34. Rxb8 Rxb8 35. Bf4 Re8 36. Bb5 Ng6 (
36... Rb8 37. Ba4 $18) 37. Bxe8 Bxe8 {The rest needs no comments.} 38. Bc7 a4
39. Ne2 Bb5 40. Kf2 a3 41. Nc1 Bc4 42. Bd6 Bxa2 43. Nxa2 b3 44. Bxa3 bxa2 45.
Bb2 Nf4 46. Bc3 Kf7 47. g3 Nd3+ 48. Ke3 Nb4 49. Kd4 Nc2+ 50. Kd3 Ne1+ 51. Ke2
Nc2 52. Kd2 Nb4 53. Ba1 Na6 54. Kc3 Nc5 55. e5 Ke7 56. Kc4 Nd7 57. Kb5 h5 58.
Kc6 Nb8+ 59. Kb5 Nd7 60. h3 Nf8 61. Kc6 Nd7 62. g4 hxg4 63. hxg4 Nb8+ 64. Kb5
Nd7 65. g5 Nf8 66. Kc6 Ng6 67. e6 Nf4 68. Bf6+ Ke8 69. g6 Nxg6 70. d6 Ne7+ 71.
dxe7 {So, it remains an open question how Black can solve his problems in this
line.} 1-0

[Event "EU-Cup 21st"]
[Site "Saint Vincent"]
[Date "2005.09.23"]
[Round "6.3"]
[White "Najer, Evgeniy"]
[Black "Krasenkow, Michal"]
[Result "0-1"]
[WhiteElo "2614"]
[BlackElo "2663"]
[Annotator "Krasenkow,M"]
[PlyCount "94"]
[EventDate "2005.09.18"]
[EventType "team-swiss"]
[EventRounds "7"]
[EventCountry "ITA"]
[SourceTitle "CBM 110"]
[Source "ChessBase"]
[SourceDate "2006.01.31"]
[SourceVersion "1"]
[SourceVersionDate "2006.01.31"]
[SourceQuality "1"]
[WhiteTeam "Saransk"]
[BlackTeam "Warsaw Polonia"]
[WhiteTeamCountry "RUS"]
[BlackTeamCountry "POL"]

1. d4 Nf6 2. c4 g6 3. Nc3 d5 4. cxd5 Nxd5 5. e4 Nxc3 6. bxc3 Bg7 7. Bc4 c5 8.
Ne2 O-O 9. O-O Nc6 10. Be3 Bg4 11. f3 Na5 12. Bd3 cxd4 13. cxd4 Be6 14. d5 Bxa1
15. Qxa1 f6 16. Qd4 Bf7 17. Bh6 Re8 18. Bb5 e5 19. Qf2 Re7 20. f4 {About this
line see CBM 108, annotations to Van Wely-Sutovsky.} exf4 $1 $146 {[%mdl 8] An
important improvement. Previous games saw} (20... Rc8 {or}) (20... Qb6) 21.
Qxf4 (21. Qd4 Qb6 22. Qxb6 axb6 23. Rxf4 f5 $1) 21... Qb6+ 22. Kh1 Bxd5 $1 23.
exd5 Qxb5 24. Qxf6 Qe8 25. Nf4 $2 {Having faced a novelty, White doesn't find
a good way.} (25. Bd2 {was very solid:} Qf8 $1 (25... Nc4 26. Bc3 Ne5 27. Ng3
$44) 26. Qa1 $1 (26. Qxf8+ $2 Rxf8 27. Rxf8+ Kxf8 28. Bb4 Nc4 $17 {_|_}) 26...
Rxe2 $1 (26... Qg7 $6 27. Bc3 $40) 27. Rxf8+ Rxf8 28. Bxa5 Rxa2 $1 29. Qe1 Rxa5
30. Qe6+ $11) (25. Qd4 $5 $13 {was a risky way to play for a win.}) 25... Rf7 (
25... Nc4 $17 {was probably even stronger.}) 26. Qc3 Qd8 $1 (26... Qb5 27. Rc1
Re8 28. h3 $44 {xNa5}) 27. Rc1 b5 $1 28. Qg3 (28. Ne6 {didn't help due to} Qf6
$1 ({but not} 28... Qxd5 29. Qc8+ Rf8 30. Qc7 $1 Rf7 $11) 29. Qc8+ $5 Rf8 30.
Qxf8+ Rxf8 31. Bxf8 {and Black consolidates his position by} Nc4 32. Bh6 (32.
Kg1 Qe5 33. Bh6 (33. Rf1 Qe3+ 34. Kh1 Qd3) 33... Qh5 $1) 32... Qf2 $1 33. h3
Kf7 $19) 28... Rc8 29. Re1 Re7 $1 30. Rf1 Qd6 31. Bg5 Rf7 (31... Rec7 {/\32...
Rc1} 32. Qe1 $5 Nc4 $19) 32. h4 (32. Re1 Rcf8 33. Re6 Rxf4 $19) 32... Nc4 $6 {
An inaccuracy, after which Black must work hard to win.} (32... Re8 $142 $1 {
, seizing the e-file} 33. h5 Nc4 $19) 33. Re1 Rcf8 34. Re6 Qa3 (34... Qc7 $6
35. d6 $1 {although Black keeps an extra pawn after} Qd7 $1 (35... Nxd6 36.
Nxg6 $1) 36. Be7 Nxd6 $1 37. Bxf8 (37. Bxd6 Rxf4 $1) 37... Nf5 $17) 35. Qxa3
Nxa3 36. d6 {It was probably better not to hurry with this pawn advance:} (36.
g3 $5) 36... Rd7 $1 (36... Nc4 37. Nd5) 37. Nd5 $6 {This is what Black
expected.} (37. h5 $5 {lead to a big mess but Black ended up in a winning
position all the same:} Nc4 ({or} 37... Rf5 38. Re8+ $1 (38. Bh6 Kf7 $1) (38.
Re7 Rxe7 39. Bxe7 Kf7 $19) 38... Kf7 39. Rh8 Kg7 $1 (39... Rxd6 40. Bh6 Kf6 $1
41. g4 Rc5 42. Rf8+ Ke7 43. Rh8 Rd1+ 44. Kg2 Rc2+ 45. Kf3 Rf1+ 46. Kg3 gxh5 47.
Rxh7+ Ke8 48. Nxh5 $132) 40. Rc8 Rxd6 41. Rc7+ Rf7 42. Bh6+ Kxh6 43. Rxf7 a5
$19) 38. hxg6 Nxd6 (38... Rxd6 39. gxh7+ Kxh7 40. Re7+ Kg8 41. Rxa7 $17) 39.
Nh5 Rf1+ 40. Kh2 hxg6 $1 41. Rxg6+ Kf8 42. Bh6+ Kf7 43. Rg7+ Ke8 44. Rg8+ Ke7
$19) (37. Bh6 {was another option:} Ra8 $5 (37... Rfd8 38. Bg5 $1) (37... Nc4
$5 38. Bxf8 Kxf8 $19) 38. Nd5 Nc4 $1 39. Bf4 Kf7 40. Rf6+ Kg7 $19) 37... Rf1+
38. Kh2 Kf7 $19 {White must now trade the rooks or lose the d6 pawn. Black
wins easily in both cases.} 39. Nc7 Nc4 40. Re7+ Rxe7 41. dxe7 Nd6 42. Be3 Kxe7
43. Bxa7 Kd7 44. Nd5 Rf5 45. Nb4 Rf4 46. Nd3 Rxh4+ 47. Kg3 Nf5+ 0-1

[Event "Bundesliga 0506"]
[Site "Germany"]
[Date "2006.01.29"]
[Round "9.3"]
[White "Nielsen, Peter Heine"]
[Black "Holzke, Frank"]
[Result "1-0"]
[WhiteElo "2668"]
[BlackElo "2479"]
[Annotator "Krasenkow,M"]
[PlyCount "57"]
[EventDate "2005.10.21"]
[EventType "team-tourn"]
[EventRounds "15"]
[EventCountry "GER"]
[SourceTitle "CBM 111"]
[Source "ChessBase"]
[SourceDate "2006.04.04"]
[SourceVersion "1"]
[SourceVersionDate "2006.04.04"]
[SourceQuality "1"]
[WhiteTeam "Baden-Baden"]
[BlackTeam "Wattenscheid"]
[WhiteTeamCountry "GER"]
[BlackTeamCountry "GER"]

1. d4 Nf6 2. c4 g6 3. Nc3 d5 4. cxd5 Nxd5 5. e4 Nxc3 6. bxc3 Bg7 7. Bc4 c5 8.
Ne2 Nc6 9. Be3 O-O 10. O-O Bg4 11. f3 Na5 12. Bd3 cxd4 13. cxd4 Be6 14. d5 Bxa1
15. Qxa1 f6 16. Qd4 Bd7 (16... Bf7 {has recently become topical - see CBM108,
110}) 17. e5 {A typical break in the centre.} fxe5 {The other moves are
dubious:} (17... Bf5 $6 18. Bxf5 gxf5 19. e6 Qd6 20. Ng3 Qe5 21. f4 Qxd4 22.
Bxd4 Nc4 23. Nxf5 Rfe8 24. Rf3 h5 25. Rg3+ Kh7 26. Rg7+ Kh8 27. Rxe7 Rxe7 28.
Bxf6+ Rg7 29. Bxg7+ Kh7 30. d6 {1-0 Rodshtein,M-Dragicevic,D/Stockholm SWE
2005/The Week in Chess 582}) (17... a6 $6 18. a4 (18. Rb1 $5) 18... fxe5 19.
Qxe5 Rf6 20. Rb1 Bxa4 21. Bc5 Kf7 22. Nd4 Qd7 23. Bb6 Bb5 24. Bxb5 axb5 25.
Qe6+ Ke8 26. Qg8+ Rf8 27. Qxh7 Qxd5 28. Qxg6+ Qf7 29. Qe4 Qc4 30. Nxb5 {
1-0 Kristensen,B-Bae,T/Fredrikstad 2003/CBM 095 ext}) 18. Qxe5 Qb8 (18... Rf5
$4 19. Bxf5 Bxf5 20. Bd4 Qf8 21. Qh8+ Kf7 22. Qxh7+ Ke8 23. Bg7 $18 {1-0
Becker,S-Duemmke,J/Bad Segeberg 1995/EXT 2002 (55)}) (18... Bf5 $6 19. Bd4 Rf6
20. Bxf5 gxf5 21. Rc1 $16) 19. Qxe7 (19. Qg5 $6 Bf5 20. Rd1 Qd6 21. Nd4 Bxd3
22. Rxd3 Nc4 23. Bf2 Qf4 $17 {0-1 Lombard,A-Castro Rojas,O/Biel 1976/IZT (44)})
19... Re8 20. Qc5 b6 21. Qc1 {The white queen has temporary retreated but
White has gained a pawn for the exchange while the black king is seriously
compromised.} Qd6 $2 {Black must try to trade the queens:} (21... Qc8 $1 22.
Qd2 Nc4 23. Bxc4 Qxc4 24. Rc1 Qh4 25. Ng3 (25. Nc3 Rac8 26. Bg5 Qb4 27. Bf6 Rc4
$1) 25... Rac8 26. Rxc8 (26. Rf1 $5) 26... Rxc8 27. Ne4 Rc2 28. Qd1 Ba4 29. Qf1
$2 (29. Bg5 $1 Rxg2+ 30. Kxg2 Qxg5+ 31. Nxg5 Bxd1 {must be a draw}) 29... Bb5
30. Qd1 $2 Be2 $1 31. Qb1 Bxf3 $19 {0-1 Niklasson,C-Schmidt,W/Malmo 1976/Inf
23 (38)}) 22. Bd4 $1 {[%mdl 128]} Rac8 (22... Qxd5 23. Be4 $1 $16) 23. Qh6 Qf8
24. Qh4 Bf5 $2 {This loses instantly.} (24... Qe7 25. Qg3 $1 {[%cal Rd3g6]} (
25. Bf6 $2 Qe3+ 26. Kh1 Qxd3 27. Qh6 Re7) 25... Qf7 26. Nc3 $18 {[%cal Rc3e4]})
(24... Qd6 $142 25. Nf4 (25. Nc3 Qe7 26. Qg3 Qb4 27. Qf4 Qf8 {- a real
acrobatic show of the queen!}) 25... Qe7 26. Qg3 (26. Bf6 Qe3+ 27. Kh1 Rc1)
26... Qd6 $1 27. Qg5 Qe7 28. Bf6 Qe3+ 29. Kh1 Rc1 30. Qh6 Rxf1+ 31. Bxf1 Re7
32. Bxe7 Qxe7 {and Black is still fighting}) 25. Bxf5 Qxf5 26. Ng3 Qxd5 (26...
Qf7 27. Ne4 $18) 27. Qf6 Re7 28. Ne4 Rcc7 29. Nd6 1-0

[Event "NED-ch55"]
[Site "Rotterdam"]
[Date "2000.05.10"]
[Round "4"]
[White "Piket, Jeroen"]
[Black "Van Wely, Loek"]
[Result "1/2-1/2"]
[WhiteElo "2633"]
[BlackElo "2646"]
[Annotator "Krasenkow,M"]
[PlyCount "61"]
[EventDate "2000.05.07"]
[EventType "tourn"]
[EventRounds "11"]
[EventCountry "NED"]
[EventCategory "12"]
[SourceTitle "CBM 077"]
[Source "ChessBase"]
[SourceDate "2000.07.27"]
[SourceVersion "1"]
[SourceVersionDate "2000.07.27"]
[SourceQuality "1"]

1. d4 Nf6 2. c4 g6 3. Nc3 d5 4. cxd5 Nxd5 5. e4 Nxc3 6. bxc3 Bg7 7. Bc4 O-O 8.
Ne2 c5 9. O-O Nc6 10. Be3 Bg4 11. f3 Na5 12. Bd3 cxd4 13. cxd4 Be6 14. Qa4 {
A rare line which eventually (after the exchange sac d4-d5) leads to positions
similar to those arising after} (14. d5) 14... a6 15. d5 b5 (15... Bd7 {
is less accurate but playable:} 16. Qb4 b5 (16... Bxa1 $5 17. Rxa1 (17. Bb6 Qe8
18. Rxa1 Bb5 $1 19. Bxa5 (19. Bxb5 Qxb5 20. Bxa5 Qxe2 21. Qxe7 Rfc8 $17) 19...
Bxd3 20. Nf4 Qb5 21. Qd2 Bc4 22. Bb4 Rfe8 23. e5 Rad8 24. a4 Qb6+ 25. Kh1 Bxd5
$1 26. Nxd5 Rxd5 27. Qxd5 Qxb4 $17 {0-1 Pares Vives,J-Sanchez Almeyra,J/
Barcelona UGA 1992 (49)}) 17... b5 {-see 15...b5}) 17. Rac1 e6 18. dxe6 Bxe6
19. Rfd1 Rc8 20. Bc5 Nc6 21. Qa3 Ne5 22. Bxf8 (22. Bxb5 $6 axb5 23. Rxd8 Rfxd8
$44 24. f4 $6 Nc4 25. Qb4 Rd2 26. f5 gxf5 27. exf5 Bd5 28. Qxb5 Rxe2 29. Bf2
Rd2 30. a4 Bd4 31. Bxd4 Rxg2+ 32. Kh1 Ba8 33. h4 Rc2+ 34. Kg1 Rxc1+ 35. Kf2 Nd6
36. Qe5 R8c2+ 37. Kg3 Rg2+ {0-1 Nenashev,A-Krasenkow,M/URS Army-ch Tashkent
1987}) (22. Bb1 $5 Qh4 23. Bxf8 Rxf8 24. Qxa6 Bc4 25. Ng3 Qf4 $44) 22... Bxf8
23. Rxc8 Qxc8 24. Qb2 Qc5+ 25. Kh1 Nxf3 $3 26. Nf4 $8 Nxh2 $1 27. Nxe6 $1 Qh5
28. Nf4 Qxd1+ 29. Kxh2 Bh6 30. Nd5 Qxd3 31. Qe5 Qa3 32. Ne7+ Kf8 33. Nd5 Kg8
34. Nf6+ Kh8 {1/2-1/2 Nenashev,A-Chuchelov,V/Novosibirsk 1989}) (15... Bxa1 {
is possible but Black can hardly do without ...b7-b5 anyway. Here are some
examples:} 16. Rxa1 Rc8 (16... f6 17. Qd4 $6 (17. Qb4 b5 {-15...b5}) 17... Bf7
18. Nf4 b5 19. e5 fxe5 20. Qxe5 Qd6 21. Qe4 Nc4 22. Bxc4 bxc4 23. Qxc4 Qe5 24.
Re1 Rac8 25. Qxa6 Rc1 26. Qe2 Rxe1+ 27. Qxe1 Bxd5 $17 {Packroff,H-Otto,A/BL2-O
1992/1/2-1/2 (44)}) 17. Qd4 Bd7 18. Bh6 f6 19. Bxf8 Kxf8 20. h3 b5 21. f4 Nc4
22. Rc1 $6 (22. e5) 22... e5 23. Qf2 Nb2 24. Bc2 Qe7 25. fxe5 Qxe5 26. Bb3
Rxc1+ 27. Nxc1 Ke8 $17 {0-1 Kierzek,M-Schnitzspan,L/Hessenliga 1995 (37)}) 16.
Qb4 (16. Qa3 $5 {has not yet been tried.}) 16... Bxa1 (16... Nc6 $5 17. Qc5 $5
(17. Qa3 $2 Bxa1 (17... Ne5 18. Rac1 Bd7 19. Rfd1 f5 20. exf5 Nxd3 21. Qxd3
Bxf5 22. Qb3 $14 {Morchat,M-Kleiser,G/Liechtenstein op 1995/1/2-1/2 (51)}) 18.
Rxa1 b4 $1 19. Qb3 Ne5 20. Bh6 Qb6+ 21. Kf1 Nxd3 22. Qxd3 Bd7 {/\ Bb5=/+,
Browne,W}) 17... Bxa1 (17... Ne5 $5 18. Rad1 Bd7 19. f4 Rc8 20. Qa7 Nxd3 21.
Rxd3 Qc7 22. Qxc7 Rxc7 23. Rc1 Rxc1+ 24. Nxc1 Rc8 25. e5 Bf5 26. Rd1 {1/2-1/2
Pisulinski,J-Malisauskas,V/POL-chT Bydgoszcz 1990 (34)}) 18. Rxa1 Ne5 19. Bh6
Bd7 20. Qd4 f6 21. Bxf8 Kxf8 22. Rd1 (22. f4 Nxd3 23. Qxd3 Rc8 24. Qe3 Rc4 25.
h3 Qa5 26. e5 Qb4 27. Rd1 Re4 $36 {1/2-1/2 Browne,W-Wolff,P/San Francisco 1991
(37)}) 22... Qc7 23. f4 Nxd3 24. Rxd3 Bg4 25. Rc3 Qb8 26. e5 $13 {1-0 Browne,
W-Nickoloff,B/New York 1989 (35)}) 17. Rxa1 Bd7 (17... f6 18. Bc5 (18. Rd1 Bf7
19. a4 Nc4 20. Bc5 a5 $6 (20... Re8 21. axb5 axb5 22. Qxb5 Ne5) 21. Qxb5 Nd6
22. Qb2 Qc7 23. Rc1 $44 {Vogel,R-Schirm,F/BL2-N 1995/1-0 (56)}) (18. a4 $5 Nc6
19. Qd2 Ne5 20. axb5 axb5 21. Rxa8 Qxa8 22. dxe6 Rd8 23. Nd4 $2 (23. Bd4 $14 {
Ftacnik,L}) 23... Qa1+ 24. Bf1 Nc4 $19 {0-1 Getmanchuk,A-Krivonogov,A/
RUS-Cup02 1998 (28)}) 18... Nc6 $1 19. dxc6 (19. Qd2 Ne5 20. Nd4 Bd7 (20...
Bxd5 $1 21. exd5 Qxd5 22. Rc1 Nxd3 23. Qxd3 Rfd8 $17) 21. f4 Nxd3 22. Qxd3 Rc8
23. Rc1 Qa5 24. Nb3 Qxa2 25. Ra1 Qxa1+ 26. Nxa1 Rxc5 $17 {1-0 Knaak,
R-Gruenberg,H/Leipzig 1975 (39)}) (19. Qa3 b4 20. Qb3 Ne5 21. Nd4 $1 Bf7 22.
Be2 Nd7 23. Bxb4 Rb8 $1 (23... Qb6 $2 24. Rd1 $16 {Bareev,E-Spiriev,P/Budapest
(open) 1988}) 24. Nc6 Qb6+ 25. Kf1 Qxc6 $1 26. dxc6 Bxb3 27. Bxe7 Rf7 28. cxd7
Rxe7 29. axb3 Rxd7 30. Rxa6 $11 {Bareev,E}) 19... Qxd3 20. Nd4 (20. Nf4 Qc4 21.
Bxe7 Rf7 22. Nxe6 Qxe6 23. Bd6 Rc8 24. Qc5 Qc4 25. Qxc4 bxc4 26. c7 Rd7 27. Rb1
Kf7 28. Rb8 Rcxc7 29. Bxc7 Rxc7 {1/2-1/2 Nasibullin,V-Janjgava,L/Novosibirsk
1989 (42)}) 20... Qc4 (20... Bc4 21. Qe1 b4 22. Rd1 Qc3 23. Bxe7 Qxe1+ 24. Rxe1
a5 25. Bxf8 Kxf8 26. Ra1 Ke7 27. Kf2 $14 {1/2-1/2 Browne,W-Kudrin,S/USA-ch
Estes Park 1987 (42)}) 21. Bxe7 Rf7 22. Bc5 Rc8 23. Qxc4 Bxc4 24. Bb6 f5 25.
exf5 gxf5 26. a3 Rf6 27. Ba5 Rcxc6 {1/2-1/2 Browne,W-Hellers,F/Philadelphia
World op 1992}) 18. Qd4 (18. a4 Nc4 19. Bxc4 bxc4 20. Bb6 Qb8 21. Rb1 Re8 22.
Qxc4 Bb5 23. axb5 Qxb6+ 24. Nd4 Rec8 25. Qb4 axb5 26. Kf1 Ra2 27. Rb2 Rc1+ 28.
Ke2 Rb1 {0-1 Budraitis,A-Akoral,S/SVE-ch op Vaxjo 1992}) 18... Rc8 $146 {
Black decides to give up an exchange to obtain a quiet, quite satisfactory
position. The main theoretical line is} (18... f6 19. e5 (19. Bh6 $6 Re8 20. e5
fxe5 (20... Nc4 21. e6 Bc8 22. Bxc4 bxc4 23. Nf4 Qc7 24. Re1 Qa7 $17 {Micheel,
A-Schulz,P/BLW-9192 1992/1-0 (53)}) 21. Qxe5 Qb6+ 22. Be3 Qf6 23. Qc7 $5 Qxa1+
24. Kf2 Qf6 25. Qxd7 Nc4 $19 {0-1 Delgado,I-Colias,B/USA op 1990 (32)}) 19...
fxe5 20. Qxe5 Qb8 21. Qxe7 Re8 (21... Qe8 $6 22. Qc5 Rc8 23. Qd4 Nc4 24. Bh6
Rf7 25. Rc1 Qe7 26. Bxc4 bxc4 27. Be3 Re8 28. Kf2 Qd6 29. Ng3 Bb5 30. Ne4 Qe5
31. Qxe5 Rxe5 32. Nc3 Rb7 33. Bd4 Ree7 34. Ne4 Rbd7 35. a4 Bc6 36. Nf6+ Kf7 37.
Nxd7 Bxd7 38. Rxc4 {1-0 Gligoric,S-Portisch,L/San Antonio 1972 (54)}) 22. Qc5
Nb7 23. Qc1 Nd6 $1 24. Ng3 (24. Nd4 $5 $13) 24... Bf5 25. Qd2 $1 (25. Bxf5 Nxf5
26. Nxf5 gxf5 27. Qd2 Qe5 28. Bd4 Qd6 29. Rd1 Rac8 30. h3 f4 31. Ba1 Rc4 32.
Qb2 Qg6 $15 {0-1 Nenashev,A-Vyzmanavin,A/URS Army-ch Tashkent 1987 (47)}) 25...
Bxd3 26. Qxd3 Qd8 27. Bc5 $1 Nb7 $5 (27... Rc8 28. Bxd6 Qb6+ 29. Kh1 Qxd6 30.
Ne4 Qf4 31. g3 Qf5 32. d6 Rcd8 33. Rd1 Qf7 34. a3 Rf8 35. Kg2 $1 $16 {Browne,
W-Kudrin,S/USA (ch) 1989/1/2-1/2 (61)}) 28. Bf2 Nd6 29. Bc5 Nb7 30. Be3 Nd6 $11
31. Rd1 $6 Rc8 32. Bf4 Qb6+ 33. Kf1 Rc4 34. Qd2 Qc5 35. Bxd6 Qxd6 36. Ne4 Rcxe4
37. fxe4 Qxh2 $19 {0-1 Browne,W-Ernst,T/Reykjavik op 1990 (52)}) 19. Bh6 f6 20.
Bxf8 Kxf8 21. Kf2 {It is apparently premature here to advance the king
anticipating the endgame which is not yet on the board!} (21. e5 fxe5 22. Qxe5
Qb6+ {[%cal Yb6f6]}) (21. f4 $5 {[%cal Ye4e5]}) 21... Qc7 {[%csl Rh2]} 22. Rc1
{Of course, after} (22. g3 Qc5 ({or} 22... Qd6)) {Black is fine, so White
decides to simplify the game.} 22... Qxh2 23. Rxc8+ Bxc8 24. Qc3 Nc4 25. Bxc4
bxc4 26. Qxc4 Bh3 27. Qxa6 Qxg2+ {Apparently, Black didn't want very much to
play for a win.} (27... Bxg2 $5 {deserved attention, e.g.} 28. Qc8+ Kg7 29. Qe8
Bh3+ 30. Ke3 Qd6 $15 {With passed pawns on the board the black bishop is
stronger than the white knight.}) 28. Ke3 Qg5+ 29. Kf2 Qg2+ 30. Ke3 Qg5+ 31.
Kf2 1/2-1/2